| 000 | 01316cab a22002415a 4500 | ||
|---|---|---|---|
| 001 | L146769 | ||
| 008 | 090224e20090221xxk 000 0 eng d | ||
| 035 | _a(Sirsi) u146769 | ||
| 041 | 0 | _aeng | |
| 100 | 1 | _aWoodman, John | |
| 245 | 0 | 0 | _aNurturers of nature |
| 260 | _c2009 | ||
| 490 |
_aEstates Gazette _v(0907) 21 February 2009, 84-85(2) |
||
| 520 | _aLooks at the development of biodiversity in city centre sites in London and discusses the conflicts that can arise between the needs of animals and plant life and the desires of developers. Discusses some examples of green buildings and shows that features which benefit nature can also be good for the occupiers and their businesses, as well as having obvious aesthetic benefits. The author also provides some details of attempts made by Westminster Council to support an agenda of 'greening'. | ||
| 590 | _aKA | ||
| 650 | 2 | 4 | _aLOCAL GOVERNMENT PLANNING AND LAND ACT 1980 S136 |
| 650 | 2 | 4 | _aNATURAL ENVIRONMENT AND RURAL COMMUNITIES ACT 2000 S40 |
| 650 | 2 | 4 | _aR (ON THE APPLICATION OF BUGLIFE - THE INVERTEBRATE CONSERVATION TRUST) V THURROCK THAMES GATEWAY DEVELOPMENT CORPORATION |
| 651 | 4 |
_aEngland and Wales _y1543- |
|
| 690 | _aENVIRONMENTAL AND LAND CONSULTANCY-SUSTAINABILITY-SUSTAINABLE DEVELOPMENT | ||
| 700 | 1 | _aKing, Vivien | |
| 942 | _n0 | ||
| 999 |
_c81283 _d81283 |
||